000 00436nam a2200169 a 4500
001 0000-9360
003 ELIB.Books
008 110520 1985
035 _a(ELIB.Books)0000-9512
082 _a248
_bCol
100 _aColson, Charles W.
245 _aWho Speaks for God?
260 _bWheaton: Tyndale House Publishers, Inc.
_c1985
650 _aChristian Life
942 _2ddc
_cBK
998 _cbat
_e2011-05-20
999 _c9360
_d9360